Make mine a treble (Record no. 75945)

MARC details
000 -LEADER
fixed length control field 00947cab a2200181 4500
001 - CONTROL NUMBER
control field ##L131108
008 - FIXED-LENGTH DATA ELEMENTS--GENERAL INFORMATION
fixed length control field 050929n2005 000 0 eng u
035 ## - SYSTEM CONTROL NUMBER
System control number (Sirsi) u131108
041 0# - LANGUAGE CODE
Language code of text/sound track or separate title eng
100 1# - MAIN ENTRY--PERSONAL NAME
Personal name Booty, Frank
245 00 - TITLE STATEMENT
Title Make mine a treble
260 ## - PUBLICATION, DISTRIBUTION, ETC.
Date of publication, distribution, etc. 2005
490 #0 - SERIES STATEMENT
Series statement Facilities Management
Volume/sequential designation 12(12) September 2005, 12-13(2)
520 ## - SUMMARY, ETC.
Summary, etc. Article written following attendance at a BIFM workshop entitled "Does facilities management have a role to play in corporate responsibility?" An increasing number of companies are adopting social responsibility policies, and reporting on their environmental performance. Examples of good practice discussed included Co-operative Financial Services, Carillion and a brownfield site construction at Tolworth, south London. Contains links to two websites.
590 ## - LOCAL NOTE (RLIN)
Local note IKA111005
690 ## - LOCAL SUBJECT ADDED ENTRY--TOPICAL TERM (OCLC, RLIN)
Topical term or geographic name as entry element MANAGEMENT-BUSINESS MANAGEMENT-BUSINESS ETHICS-CORPORATE SOCIAL RESPONSIBILITY
942 ## - ADDED ENTRY ELEMENTS (KOHA)
Suppress in OPAC 0

No items available.